| 000 | 00681nam a22001817a 4500 | ||
|---|---|---|---|
| 003 | BD-DhUL | ||
| 005 | 20170502124312.0 | ||
| 008 | 170502s1991 ii ||||| |||| 00| 0 ben d | ||
| 040 |
_aBD-DhUL _cBD-DhUL |
||
| 082 |
_a320.95492 _bKHE |
||
| 100 | 1 | _aখান, এলাহী নেওয়াজ | |
| 245 | 0 | 0 |
_aএরশাদের উত্থান-পতন : _b১ম খন্ড / _cএলাহী নেওয়াজ খান |
| 260 |
_aঢাকা : _bওয়েসিস, _c১৯৯১ |
||
| 300 |
_aখন্ড ; _c১৮ সেমি. |
||
| 651 | 4 |
_aবাংলাদেশ _xরাজনীতি |
|
| 651 | 4 |
_aBangladesh _xpolitics |
|
| 942 |
_2ddc _cBK |
||
| 999 |
_c194105 _d194105 |
||